| 000 -LEADER |
| fixed length control field |
nam a22 7a 4500 |
| 005 - DATE AND TIME OF LATEST TRANSACTION |
| control field |
20180414023430.0 |
| 008 - FIXED-LENGTH DATA ELEMENTS--GENERAL INFORMATION |
| fixed length control field |
180123b xxu||||| |||| 00| 0 eng d |
| 020 ## - IDENTIFIER FOR THE MANIFESTATION |
| Identifier for the Manifestation |
9786219560986 |
| Binding |
paperback |
| 040 ## - CATALOGING SOURCE |
| Language of Cataloging |
eng |
| Transcribing Agency |
APEC Schools Library |
| Description Conventions |
rda |
| 082 ## - DEWEY DECIMAL CLASSIFICATION NUMBER |
| Classification number |
C 001.4 |
| Author's Number |
J487pt 2017 |
| 100 1# - CREATOR |
| Preferred Name of the Person |
Jerusalem, Violeta L. |
| 245 10 - TITLE AND STATEMENT OF RESPONSIBILITY |
| Preferred Title Proper |
Practical research 2 : |
| Remainder of Title |
exploring quantitative research / |
| Statement of Responsibility/Parallel Statement of Responsibility |
Violeta L. Jerusalem [and four others]. |
| 264 ## - PUBLICATION STATEMENT |
| Place of publication, distribution, etc |
Manila, PH : |
| Publisher's Name/Parallel Publisher's Name |
Fastbooks Educational Supply, |
| Copyright |
©2017. |
| Date of Publication |
[2017]. |
| 300 ## - PHYSICAL DESCRIPTION |
| Extent |
xviii, 364 pages : |
| Illustrative Content |
some illustrations ; |
| Dimensions |
26 cm |
| 336 ## - RDA CONTENT |
| Source |
rdacontent |
| Content Type |
text |
| 337 ## - RDA MEDIA |
| Source |
rdamedia |
| Media Type |
unmediated |
| 338 ## - RDA CARRIER |
| Source |
rdacarrier |
| Carrier Type |
volume |
| 504 ## - BIBLIOGRAPHY, ETC. NOTE |
| Bibliography, etc |
Includes bibliographical references. |
| 505 0# - CONTENTS |
| Related Work = Contents |
Preface iii -- Curriculum Guide v -- Table of Contents xi -- Introduction 1 -- Chapter 1 Nature of Inquiry and Research 5 -- Chapter 2 Identifying Inquiry and Stating the Problem 47 -- Chapter 3 Learning from Others and Reviewing the Literature 117 -- Chapter 4 Understanding Data and Ways to Systematically Collect Data 177 -- Chapter 5 Finding Answers through Data Collection 261 -- Reporting and Sharing of Findings 287 -- Qualitative Research Glossary 343 -- References 351 -- Author's Profile 363 |
| 520 2a - SUMMARIZATION OF THE CONTENT |
| Summarization of the Content |
This book features the step-by-step process of quantitative research. It aims to develop critical thinking and problem-solving skills. |
| 650 ## - ADDED SUBJECT ACCESS POINT - TOPICAL TERM |
| Topical Term |
Qualitative research. |
| 650 ## - ADDED SUBJECT ACCESS POINT - TOPICAL TERM |
| Topical Term |
Research. |
| 678 ## - CREATOR BIOGRAPHICAL INFORMATION |
| Biographical Information |
Violeta L. Jerusalem holds a Doctor of Education, major in Educational Management and Master of Business Administration degrees. She is currently the Chairman of GEMSCOR, an international education solutions provider and a visiting graduate professor at Holy Angel University. |
| 678 ## - CREATOR BIOGRAPHICAL INFORMATION |
| Biographical Information |
Miriam Del Rosario-Garcia, retired as the Executive Director at FEU Cavite (Far Eastern College-Silang). Dr. Garcia is a graduate of the University of Santo Tomas with a Bachelor of Science in Education, major in English, minor in Mathematics degree. |
| 678 ## - CREATOR BIOGRAPHICAL INFORMATION |
| Biographical Information |
Amelita Delor Reyes holds a Doctor of Technology in Academics and a Master of Arts in Education. Dr. Delos Reyes is currently the Dean of Computer Science, Information Technology and Information Systems at Arellano University. |
| 678 ## - CREATOR BIOGRAPHICAL INFORMATION |
| Biographical Information |
Marjueve M. Palencia holds a Doctor of Education, major in Educational Administration (ADB) and a Master of Arts in Education major in Curriculum and Instruction (with highest distinction) degrees - both from Far Eastern University, Manila. He also holds a Bachelor of Classical Liberal Arts, major in Philosophy (with honors), and earned units for a Master of Arts in Philosophy at the Ateneo de Manila University. He is Associate Professor II and taught Literature, Philosophy and Humanities for over 20 years at Far Eastern University. |
| 678 ## - CREATOR BIOGRAPHICAL INFORMATION |
| Biographical Information |
Roilingel P. Calilung holds a Master of Education in Library Science from the Philippines Normal University, Manila and is presently taking his Doctor of Philosophy in Educational Management. Mr. Calilung is the national president of the Association of Librarians in Public Sector (ALPS), Inc., treasurer of the Philippine Librarians Association, Inc. (PLAI), president of PLAI-Central Luzion Region Librarians Council and founding president (now vice president) of the Librarians Association of Metro Pampanga (LAMP). He is also the head of Technical Services of Angeles City Library and Information Center while teaching part-time at the City College of Angeles. |
| 700 1# - ADDED AUTHORIZED ACCESS POINT - PERSONAL NAME |
| Preferred Name of the Person |
Garcia, Miriam Del Rosario. |
| 700 1# - ADDED AUTHORIZED ACCESS POINT - PERSONAL NAME |
| Preferred Name of the Person |
Delos Reyes, Amelita. |
| 700 1# - ADDED AUTHORIZED ACCESS POINT - PERSONAL NAME |
| Preferred Name of the Person |
Palencia, Marjueve M. |
| 700 1# - ADDED AUTHORIZED ACCESS POINT - PERSONAL NAME |
| Preferred Name of the Person |
Calilung, Roilengel P. |
| 942 ## - ADDED ENTRY ELEMENTS (KOHA) |
| Source of Classification |
|
| Koha Item Type |
Books |